Relativity theory and astrophysics / (Record no. 53076)
[ view plain ]
| 000 -LEADER | |
|---|---|
| fixed length control field | 01008nam a2200289 a 4500 |
| 001 - CONTROL NUMBER | |
| control field | 53076 |
| 003 - CONTROL NUMBER IDENTIFIER | |
| rucl marc code | BD-RjUL |
| 005 - DATE AND TIME OF LATEST TRANSACTION | |
| control field | 20211209075914.0 |
| 008 - FIXED-LENGTH DATA ELEMENTS--GENERAL INFORMATION | |
| fixed length control field | 161003s1967 riua b 101 0 eng |
| 020 ## - INTERNATIONAL STANDARD BOOK NUMBER | |
| International Standard Book Number | 0821811088 |
| 035 ## - SYSTEM CONTROL NUMBER | |
| System control number | (BD-RjUL) 53196 |
| 040 ## - CATALOGING SOURCE | |
| Original cataloging agency | DLC |
| Transcribing agency | DLC |
| Modifying agency | DLC |
| -- | BD-RjUL |
| Language of cataloging | eng |
| 041 ## - LANGUAGE CODE | |
| Language code of text/sound track or separate title | eng |
| 082 00 - DEWEY DECIMAL CLASSIFICATION NUMBER | |
| Classification number | 523.01 |
| Edition number | 23 |
| Author mark and year | REL 1979 |
| 245 10 - TITLE STATEMENT | |
| Title | Relativity theory and astrophysics / |
| Statement of responsibility, etc. | Jürgen Ehlers, editor. |
| 260 ## - PUBLICATION, DISTRIBUTION, ETC. (IMPRINT) | |
| Place of publication, distribution, etc. | Providence, Rhode Island : |
| Name of publisher, distributor, etc. | American Mathematical Society, |
| Date of publication, distribution, etc. | c1967 [Printing 1979] |
| 300 ## - PHYSICAL DESCRIPTION | |
| Pagination | 3 v. : |
| Illustrations | ill. ; |
| Size | 24 cm. |
| 490 1# - SERIES STATEMENT | |
| Series statement | Lectures in applied mathematics; |
| Volume/sequential designation | v. 8-10 |
| 500 ## - GENERAL NOTE | |
| General note | Include index |
| 505 0# - FORMATTED CONTENTS NOTE | |
| Formatted contents note | Vol. 1, Relativity and Cosmology -- V. 2 Galactic Structure -- V. 3. Stellar structure -- |
| 650 #0 - SUBJECT ADDED ENTRY--TOPICAL TERM | |
| Topical term or geographic name as entry element | Astrophysics. |
| 9 (RLIN) | 156188 |
| Topical term or geographic name as entry element | Relativity (Physics) |
| 9 (RLIN) | 158627 |
| 700 1# - ADDED ENTRY--PERSONAL NAME | |
| Personal name | Ehlers, J. , ed. |
| Fuller form of name | (Jürgen), |
| 830 #0 - SERIES ADDED ENTRY--UNIFORM TITLE | |
| Uniform title | Lectures in applied mathematics; |
| Volume number/sequential designation | v. 8-10. |
| 942 ## - ADDED ENTRY ELEMENTS (KOHA) | |
| Source of classification or shelving scheme | Dewey Decimal Classification |
| Koha item type | Books |
| Lost status | Source of classification or shelving scheme | Damaged status | Not for loan | Collection code | Permanent Location | Current Location | Shelving location | Date acquired | Source of acquisition | Cost, normal purchase price | Total Checkouts | Full call number | Date last seen | Copy number | Koha item type |
|---|---|---|---|---|---|---|---|---|---|---|---|---|---|---|---|
| Dewey Decimal Classification | Not For Loan | Non-fiction | Central Library, University of Rajshahi | Central Library, University of Rajshahi | Reading Room | 17/07/1985 | Toppan-Tulip | 27.50 | 523.01 REL V-3 1967 | 03/10/2016 | C-1 | Books | |||
| Dewey Decimal Classification | Not For Loan | Non-fiction | Central Library, University of Rajshahi | Central Library, University of Rajshahi | Reading Room | 17/07/1985 | Toppan-Tulip | 30.00 | 523.01 REL V-1 1979 | 15/04/2017 | C-1 | Books | |||
| Dewey Decimal Classification | Not For Loan | Non-fiction | Central Library, University of Rajshahi | Central Library, University of Rajshahi | Reading Room | 17/07/1985 | Tappan | 28.75 | 523.01 REL V-2 1967 | 17/04/2017 | C-1 | Books |